Größte deutsche Städte nach Buchstabe - T - Statistiken

Allgemein
  • Dieses Quiz wurde 10.277 mal gespielt
    4.972 seit der letzten Aktualisierung
  • Das Durchschnittsergebnis liegt bei 3 aus 11
Antwortstatistiken
Land Einwohner Stadt % Korrekt
Rheinland-Pfalz 112.737 Trier
91%
Baden-Württemberg 93.615 Tübingen
70%
Baden-Württemberg 37.784 Tuttlingen
40%
Bayern 21.551 Traunstein
28%
NRW 76.503 Troisdorf
28%
Brandenburg 27.880 Teltow
17%
Hessen 30.820 Taunusstein
14%
Baden-Württemberg 20.262 Tettnang
12%
NRW 20.301 Telgte
9%
Bayern 21.021 Traunreut
9%
NRW 29.331 Tönisvorst
8%
Keine übereinstimmenden Quizze gefunden
Verteilung der Resultate
Anzahl Personen mit jedem Resultat
Perzentil nach korrekt beantworteten Fragen
Ihre Resultats-Entwicklung
Sie haben dieses Quiz seit der letzten Aktualisierung nicht gespielt